[Event "CHN-chT"]
[Site "China"]
[Date "2019.04.11"]
[Round "3.2"]
[White "Lei, Tingjie"]
[Black "Guramishvili, Sopiko"]
[Result "1-0"]
[WhiteElo "2497"]
[BlackElo "2386"]
[PlyCount "57"]
[EventDate "2019.04.09"]
[EventType "team-tourn"]
[EventRounds "22"]
[EventCountry "CHN"]
[SourceTitle "CBM 189 Extra"]
[Source "ChessBase"]
[SourceDate "2019.06.03"]
[SourceVersion "1"]
[SourceVersionDate "2019.06.03"]
[SourceQuality "1"]
[WhiteTeam "Chongqing Sports Lottery"]
[BlackTeam "Shenzhen Longgang"]
[WhiteTeamCountry "CHN"]
[BlackTeamCountry "CHN"]

1. e4 c5 2. Nf3 d6 3. d4 cxd4 4. Nxd4 Nf6 5. Nc3 a6 6. Be3 e5 7. Nb3 Be7 8. f3 Be6 9. Qd2 0-0 10. 0-0-0 a5 11. Qe1 Qc8 12. a3 a4 13. Nd2 Na6 14. g4 d5 15. g5 d4 16. gxf6 Bxf6 17. Nd5 Bxd5 18. exd5 dxe3 19. Ne4 Bd8 20. Qxe3 Qd7 21. Rg1 Kh8 22. Bd3 b5 23. Rxg7 Kxg7 24. Rg1+ Kh8 25. Qh6 Rg8 26. Rxg8+ Kxg8 27. Nf6+ Bxf6 28. Bxh7+ Kh8 29. Bf5+ 1-0

[Event "CHN-chT"]
[Site "China"]
[Date "2019.04.09"]
[Round "1.3"]
[White "Xiao, Yiyi"]
[Black "Guramishvili, Sopiko"]
[Result "1/2-1/2"]
[WhiteElo "2296"]
[BlackElo "2386"]
[PlyCount "82"]
[EventDate "2019.04.09"]
[EventType "team-tourn"]
[EventRounds "22"]
[EventCountry "CHN"]
[SourceTitle "CBM 189 Extra"]
[Source "ChessBase"]
[SourceDate "2019.06.03"]
[SourceVersion "1"]
[SourceVersionDate "2019.06.03"]
[SourceQuality "1"]
[WhiteTeam "Tianjin"]
[BlackTeam "Shenzhen Longgang"]
[WhiteTeamCountry "CHN"]
[BlackTeamCountry "CHN"]

1. d4 d5 2. c4 dxc4 3. Nf3 Nf6 4. e3 e6 5. Bxc4 c5 6. 0-0 Nc6 7. dxc5 Qxd1 8. Rxd1 Bxc5 9. a3 0-0 10. Nbd2 b6 11. b4 Be7 12. Nb3 Bb7 13. b5 Rfd8 14. Bb2 Rxd1+ 15. Rxd1 Nd8 16. a4 Rc8 17. Rc1 Bb4 18. Ne5 Ne4 19. f3 Nd2 20. Kf2 Nxc4 21. Rxc4 Rxc4 22. Nxc4 Bd5 23. Ncd2 f6 24. e4 Bb7 25. Nc4 e5 26. Bc1 Bc8 27. Bd2 Bf8 28. Ke2 Be6 29. Kd3 Nb7 30. Be3 g5 31. a5 bxa5 32. Nbxa5 Nc5+ 33. Kc3 Na4+ 34. Kc2 Bd7 35. b6 axb6 36. Nxb6 Nxb6 37. Bxb6 Bb5 38. Kd2 h5 39. Nb3 Kf7 40. Bc5 Ba4 41. Bxf8 Bxb3 1/2-1/2

[Event "EU-ch ACP (Women) Blitz"]
[Site "Tbilisi"]
[Date "2018.04.01"]
[Round "4"]
[White "Gevorgyan, Maria"]
[Black "Guramishvili, Sopiko"]
[Result "1-0"]
[WhiteElo "2226"]
[BlackElo "2379"]
[PlyCount "86"]
[EventDate "2018.04.01"]
[EventType "swiss (blitz)"]
[EventRounds "13"]
[EventCountry "GEO"]
[SourceTitle "CBM 183 Extra"]
[Source "ChessBase"]
[SourceDate "2018.04.19"]
[SourceVersion "1"]
[SourceVersionDate "2018.04.19"]
[SourceQuality "1"]

1. e4 e5 2. Nf3 Nf6 3. Nxe5 d6 4. Nf3 Nxe4 5. Nc3 Nf6 6. d4 Be7 7. Bd3 0-0 8. Be3 Ng4 9. Qd2 Nxe3 10. fxe3 d5 11. 0-0 Nc6 12. a3 a6 13. Rae1 Bf6 14. Ne2 g6 15. Ng3 Bg7 16. c3 f5 17. c4 Be6 18. Qc1 Kh8 19. Ne2 dxc4 20. Bxc4 Bxc4 21. Qxc4 Re8 22. Nf4 Qe7 23. h4 Nd8 24. Ng5 c6 25. e4 b5 26. Qc3 c5 27. Qxc5 Qxc5 28. dxc5 Bd4+ 29. Kh1 fxe4 30. Nxe4 Ne6 31. Nxe6 Rxe6 32. Ng5 Rxe1 33. Rxe1 Bxc5 34. Re4 Kg7 35. Ne6+ Kf6 36. Nxc5 Rc8 37. b4 Kf5 38. Re7 h5 39. Kg1 Rd8 40. Kf2 Rd2+ 41. Re2 Rd4 42. Nxa6 Rxh4 43. Nc7 Rf4+ 1-0

[Event "NED-chT 1718"]
[Site "Netherlands"]
[Date "2017.12.16"]
[Round "5.7"]
[White "Guramishvili, Sopiko"]
[Black "Bitalzadeh, Ali"]
[Result "1-0"]
[WhiteElo "2374"]
[BlackElo "2379"]
[PlyCount "93"]
[EventDate "2017.09.16"]
[EventType "team-tourn"]
[EventRounds "9"]
[EventCountry "NED"]
[SourceTitle "EXT 2019"]
[Source "ChessBase"]
[SourceDate "2018.10.10"]
[SourceVersion "1"]
[SourceVersionDate "2018.10.10"]
[SourceQuality "1"]
[WhiteTeam "En Passant"]
[BlackTeam "Kennemer Combinatie"]
[WhiteTeamCountry "NED"]
[BlackTeamCountry "NED"]

1. Nf3 g6 2. g3 Bg7 3. Bg2 Nf6 4. 0-0 0-0 5. d4 d6 6. Nbd2 c5 7. e3 Nc6 8. b3 Bf5 9. Bb2 Qc8 10. Re1 cxd4 11. Nxd4 Bg4 12. Nxc6 bxc6 13. Qc1 Bh3 14. Bh1 a5 15. a4 d5 16. e4 e6 17. Be5 Nd7 18. Bxg7 Kxg7 19. Nf3 f6 20. Qd2 Rf7 21. Rac1 Qc7 22. exd5 exd5 23. c4 Qb7 24. Nd4 Nb6 25. cxd5 cxd5 26. Rc5 Re7 27. Bg2 Rae8 28. Rec1 Bxg2 29. Kxg2 Qd7 30. h3 Qd6 31. Rc6 Qb8 32. Qxa5 Nd7 33. Qxd5 Ne5 34. Rd6 Nd3 35. Rc4 Ne1+ 36. Kh2 Qa7 37. Qc5 Qb7 38. Qc6 Qa7 39. Qb6 Qa8 40. Qc6 Qa7 41. Qa6 Qb8 42. Rcc6 Qb4 43. Qc4 Qa5 44. Qc5 Qa8 45. Qc3 Re4 46. Rxf6 Kg8 47. Nc2 1-0

[Event "World-ch (Women) k.o."]
[Site "Tehran"]
[Date "2017.02.17"]
[Round "3.1"]
[White "Guramishvili, Sopiko"]
[Black "Harika, Dronavalli"]
[Result "1/2-1/2"]
[WhiteElo "2357"]
[BlackElo "2539"]
[PlyCount "98"]
[EventDate "2017.02.11"]
[EventType "k.o."]
[EventRounds "7"]
[EventCountry "IRI"]
[SourceTitle "CBM 177"]
[Source "ChessBase"]
[SourceDate "2017.03.16"]
[SourceVersion "1"]
[SourceVersionDate "2017.03.16"]
[SourceQuality "1"]

1. d4 Nf6 2. Nf3 e6 3. Bf4 b6 4. Nbd2 Bb7 5. e3 c5 6. c3 Be7 7. Bd3 cxd4 8. exd4 0-0 9. h3 d6 10. 0-0 Re8 11. Re1 Nbd7 12. Qc2 a6 13. a4 Rc8 14. Qb3 Qc7 15. Bh2 h6 16. Rac1 Bf8 17. Bb1 Bc6 18. Qa3 b5 19. a5 e5 20. b4 Qb7 21. Qb2 exd4 22. cxd4 Bd5 23. Bd3 Nb8 24. Bg3 Rxc1 25. Rxc1 Rc8 26. Rxc8 Qxc8 27. Ne1 Qe6 28. Nc2 Ne4 29. Bxe4 Bxe4 30. Ne3 Nc6 31. Kh2 d5 32. Nxe4 Qxe4 33. Qc3 Qe6 34. Nc2 g6 35. f3 h5 36. Kg1 Kh7 37. Kf1 Kg8 38. Be1 Be7 39. Qd2 Bd6 40. Qc3 Bf8 41. Bd2 Be7 42. Be1 Kf8 43. Qd2 Kg7 44. Qd3 Bf6 45. Qd2 Ne7 46. Qc3 Nf5 47. g4 hxg4 48. hxg4 Ne7 49. Qc7 Qc6 1/2-1/2

[Event "World-ch (Women) k.o."]
[Site "Tehran"]
[Date "2017.02.13"]
[Round "1.3"]
[White "Guramishvili, Sopiko"]
[Black "Khademalsharieh, Sarasadat"]
[Result "1-0"]
[WhiteElo "2357"]
[BlackElo "2452"]
[PlyCount "61"]
[EventDate "2017.02.11"]
[EventType "k.o."]
[EventRounds "7"]
[EventCountry "IRI"]
[SourceTitle "CBM 177"]
[Source "ChessBase"]
[SourceDate "2017.03.16"]
[SourceVersion "1"]
[SourceVersionDate "2017.03.16"]
[SourceQuality "1"]

1. d4 Nf6 2. c4 e6 3. Nc3 Bb4 4. f3 Nc6 5. a3 Bxc3+ 6. bxc3 e5 7. e4 d6 8. Be3 0-0 9. Bd3 b6 10. Ne2 Na5 11. Ng3 Ne8 12. 0-0 Ba6 13. Qe2 Qd7 14. f4 c5 15. Nf5 exd4 16. cxd4 Nb3 17. Rab1 cxd4 18. Rxb3 dxe3 19. Qxe3 Qc7 20. Kh1 Qc5 21. Qh3 g6 22. Be2 Qc7 23. Nh6+ Kg7 24. f5 Qe7 25. Ng4 Qg5 26. Rg3 Qd2 27. Bd3 Rc8 28. Qh4 Bxc4 29. Bxc4 Rxc4 30. fxg6 h6 31. Ne3 1-0

[Event "World-ch (Women) k.o."]
[Site "Tehran"]
[Date "2017.02.12"]
[Round "1.2"]
[White "Khademalsharieh, Sarasadat"]
[Black "Guramishvili, Sopiko"]
[Result "1-0"]
[WhiteElo "2452"]
[BlackElo "2357"]
[PlyCount "127"]
[EventDate "2017.02.11"]
[EventType "k.o."]
[EventRounds "7"]
[EventCountry "IRI"]
[SourceTitle "CBM 177"]
[Source "ChessBase"]
[SourceDate "2017.03.16"]
[SourceVersion "1"]
[SourceVersionDate "2017.03.16"]
[SourceQuality "1"]

1. d4 d5 2. c4 dxc4 3. Nf3 Nf6 4. e3 e6 5. Bxc4 c5 6. 0-0 Nc6 7. dxc5 Qxd1 8. Rxd1 Bxc5 9. Nbd2 0-0 10. Nb3 Be7 11. Bd2 Bd7 12. Rac1 Rfd8 13. Na5 Nxa5 14. Bxa5 Rdc8 15. Ne5 Ba4 16. b3 Be8 17. Be2 Ba3 18. Rxc8 Rxc8 19. Nc4 Be7 20. Bf3 b6 21. Be1 Bc6 22. Nd6 Bxd6 23. Rxd6 Bxf3 24. gxf3 Kf8 25. Bb4 Ke8 26. Rd3 Nd5 27. Bd2 b5 28. e4 Nb6 29. Bc3 f6 30. f4 Nd7 31. Bb4 Rc6 32. Kg2 Nb8 33. Bd6 Nd7 34. Bb4 Nb8 35. Rd2 Na6 36. Ba5 Ke7 37. Rd8 Rd6 38. Rg8 Kf7 39. Ra8 Rd7 40. Rc8 Rb7 41. Bd2 Nb8 42. Be3 Nd7 43. Kf3 f5 44. e5 h6 45. h4 Ke7 46. h5 Kf7 47. Kg3 g6 48. hxg6+ Kxg6 49. Kh4 Nb6 50. Rc6 Kf7 51. Bxb6 axb6 52. Kh5 b4 53. Kxh6 b5 54. Ra6 Rc7 55. Rb6 Rc2 56. Rxb5 Rxf2 57. Rb7+ Ke8 58. Kg5 Kd8 59. Rxb4 Rxa2 60. Kf6 Ra6 61. Rb7 Ke8 62. Re7+ Kf8 63. Rxe6 Ra3 64. Rb6 1-0

[Event "NED-chT 1617"]
[Site "Netherlands"]
[Date "2017.02.04"]
[Round "6.10"]
[White "Guramishvili, Sopiko"]
[Black "Rijnaarts, Sjef"]
[Result "1/2-1/2"]
[WhiteElo "2357"]
[BlackElo "2364"]
[PlyCount "86"]
[EventDate "2016.09.17"]
[EventType "team-tourn"]
[EventRounds "9"]
[EventCountry "NED"]
[SourceTitle "EXT 2018"]
[Source "ChessBase"]
[SourceDate "2017.10.13"]
[SourceVersion "1"]
[SourceVersionDate "2017.10.13"]
[SourceQuality "1"]
[WhiteTeam "En Passant"]
[BlackTeam "Apeldoorn"]
[WhiteTeamCountry "NED"]
[BlackTeamCountry "NED"]

1. Nf3 d5 2. g3 Nf6 3. Bg2 g6 4. b3 Bg7 5. Bb2 0-0 6. c4 c6 7. 0-0 Nbd7 8. d4 Ne4 9. e3 Re8 10. Nbd2 f5 11. cxd5 cxd5 12. Rc1 b6 13. b4 e6 14. a4 Bb7 15. Nb1 g5 16. Ne5 Nxe5 17. dxe5 g4 18. Bxe4 dxe4 19. Qxd8 Rexd8 20. Rc7 Bd5 21. Bd4 Bb3 22. a5 bxa5 23. bxa5 Rd5 24. Nd2 Ba4 25. Ra1 Bb5 26. Nb3 a6 27. Rac1 Rad8 28. Re7 Bxe5 29. Rxe6 Bxd4 30. Nxd4 Bd3 31. h4 gxh3 32. Re7 f4 33. Rcc7 h2+ 34. Kh1 Rh5 35. gxf4 Be2 36. Rc1 Bg4 37. Re5 Rh4 38. Rg5+ Kh8 39. Rb1 h6 40. Rg6 Kh7 41. f5 Rxd4 42. Rb7+ Kh8 43. Rb8+ Kh7 1/2-1/2

[Event "Tata Steel-B 79th"]
[Site "Wijk aan Zee"]
[Date "2017.01.22"]
[Round "8"]
[White "Guramishvili, Sopiko"]
[Black "Van Foreest, Jorden"]
[Result "1/2-1/2"]
[WhiteElo "2370"]
[BlackElo "2612"]
[PlyCount "71"]
[EventDate "2017.01.14"]
[EventType "tourn"]
[EventRounds "13"]
[EventCountry "NED"]
[EventCategory "14"]
[SourceTitle "CBM 177"]
[Source "ChessBase"]
[SourceDate "2017.03.16"]
[SourceVersion "1"]
[SourceVersionDate "2017.03.16"]
[SourceQuality "1"]

1. d4 e6 2. c4 b6 3. Nc3 Bb7 4. Qc2 Bb4 5. a3 Bxc3+ 6. Qxc3 f5 7. Qg3 Kf7 8. Nf3 Nf6 9. Ne5+ Kg8 10. f3 d6 11. Nd3 Nc6 12. e3 Na5 13. Nf4 Kf7 14. Bd2 Nb3 15. Rd1 Nxd2 16. Rxd2 Re8 17. c5 bxc5 18. dxc5 e5 19. Bc4+ d5 20. Nxd5 Bxd5 21. Bxd5+ Nxd5 22. e4 f4 23. Qh3 Ne3 24. Rxd8 Raxd8 25. Ke2 Rd4 26. Rc1 Red8 27. Qh5+ Kg8 28. Qxe5 Rd2+ 29. Ke1 h6 30. Qxc7 R8d3 31. c6 Kh7 32. Qa5 Rxg2 33. c7 Rd1+ 34. Rxd1 Nc2+ 35. Kf1 Ne3+ 36. Ke1 1/2-1/2

[Event "Bilbao op 9th"]
[Site "Bilbao"]
[Date "2016.07.21"]
[Round "8"]
[White "Trigo Urquijo, Sergio"]
[Black "Guramishvili, Sopiko"]
[Result "1-0"]
[WhiteElo "2416"]
[BlackElo "2376"]
[PlyCount "69"]
[EventDate "2016.07.13"]
[EventType "swiss"]
[EventRounds "10"]
[EventCountry "ESP"]
[SourceTitle "CBM 173 Extra"]
[Source "ChessBase"]
[SourceDate "2016.08.29"]
[SourceVersion "1"]
[SourceVersionDate "2016.08.29"]
[SourceQuality "1"]

1. e4 c5 2. Nf3 d6 3. Bb5+ Bd7 4. Bxd7+ Qxd7 5. 0-0 Nc6 6. Qe2 g6 7. c3 Bg7 8. Rd1 e5 9. Na3 Nge7 10. Nc2 d5 11. exd5 Qxd5 12. Ne3 Qd7 13. Nc4 f6 14. d4 Rd8 15. Be3 cxd4 16. cxd4 e4 17. d5 exf3 18. dxc6 Qxd1+ 19. Qxd1 Rxd1+ 20. Rxd1 Nxc6 21. Nd6+ Ke7 22. Nxb7 Rb8 23. Bc5+ Kf7 24. Rd7+ Kg8 25. b4 Bf8 26. Bxf8 Rxf8 27. b5 Ne5 28. Rc7 Rf7 29. Rxf7 Nxf7 30. a4 Ne5 31. Nd6 Nd7 32. a5 Nc5 33. a6 Ne6 34. b6 axb6 35. Ne8 1-0

[Event "Tata Steel-C 78th"]
[Site "Wijk aan Zee"]
[Date "2016.01.25"]
[Round "4"]
[White "Guramishvili, Sopiko"]
[Black "Pijpers, Arthur"]
[Result "1-0"]
[WhiteElo "2368"]
[BlackElo "2463"]
[PlyCount "65"]
[EventDate "2016.01.22"]
[EventType "tourn"]
[EventRounds "9"]
[EventCountry "NED"]
[EventCategory "6"]
[SourceTitle "CBM 170 Extra"]
[Source "ChessBase"]
[SourceDate "2016.02.25"]
[SourceVersion "1"]
[SourceVersionDate "2016.02.25"]
[SourceQuality "1"]

1. c4 c6 2. Nf3 d5 3. e3 Nf6 4. Nc3 e6 5. b3 Bd6 6. Bb2 0-0 7. Be2 e5 8. cxd5 cxd5 9. Nb5 e4 10. Nfd4 Be5 11. Ne6 fxe6 12. Bxe5 Nc6 13. Bc7 Qd7 14. Bg3 e5 15. d4 exd3 16. Bxd3 Kh8 17. 0-0 a6 18. Nc3 b5 19. e4 d4 20. Nd5 Qg4 21. Rc1 Qxd1 22. Rfxd1 Bb7 23. Nc7 Rac8 24. Ne6 Rfe8 25. Nc5 Nb4 26. Bb1 d3 27. a3 Nc2 28. Nxb7 Nxe4 29. Rxd3 Nxa3 30. Re1 Nc3 31. Nd6 Ncxb1 32. Nxc8 Rxc8 33. Bxe5 1-0

[Event "Tata Steel-C 78th"]
[Site "Wijk aan Zee"]
[Date "2016.01.23"]
[Round "2"]
[White "Guramishvili, Sopiko"]
[Black "Van der Lende, Ilias"]
[Result "1-0"]
[WhiteElo "2368"]
[BlackElo "2353"]
[PlyCount "79"]
[EventDate "2016.01.22"]
[EventType "tourn"]
[EventRounds "9"]
[EventCountry "NED"]
[EventCategory "6"]
[SourceTitle "CBM 170 Extra"]
[Source "ChessBase"]
[SourceDate "2016.02.25"]
[SourceVersion "1"]
[SourceVersionDate "2016.02.25"]
[SourceQuality "1"]

1. c4 e6 2. Nc3 d5 3. d4 c6 4. e4 Bb4 5. cxd5 cxd5 6. e5 Nc6 7. Nf3 f6 8. exf6 Nxf6 9. Bd3 0-0 10. 0-0 Qe7 11. Re1 Bd7 12. Bf4 Rae8 13. Bg3 g6 14. Rc1 Bd6 15. Ne5 Bxe5 16. Bxe5 Nxe5 17. dxe5 Nh5 18. g3 Qc5 19. Rc2 Qb6 20. Qg4 Re7 21. Nd1 Qa5 22. b4 Qb6 23. a3 Ba4 24. Rc5 Bxd1 25. Rxd1 Ref7 26. Rd2 a5 27. Rdc2 Rf3 28. Rb5 Qa6 29. Bf1 axb4 30. Rxb4 Qa7 31. Qxe6+ R8f7 32. Rbb2 Qxa3 33. Qxd5 Qe7 34. Rc8+ Kg7 35. e6 R7f5 36. Qd4+ Rf6 37. Bc4 Kh6 38. Qd2+ g5 39. Qd7 Qa3 40. Rxb7 1-0

[Event "Tata Steel-C 78th"]
[Site "Wijk aan Zee"]
[Date "2016.01.22"]
[Round "1"]
[White "Dobrov, Vladimir"]
[Black "Guramishvili, Sopiko"]
[Result "1-0"]
[WhiteElo "2518"]
[BlackElo "2368"]
[PlyCount "59"]
[EventDate "2016.01.22"]
[EventType "tourn"]
[EventRounds "9"]
[EventCountry "NED"]
[EventCategory "6"]
[SourceTitle "CBM 170 Extra"]
[Source "ChessBase"]
[SourceDate "2016.02.25"]
[SourceVersion "1"]
[SourceVersionDate "2016.02.25"]
[SourceQuality "1"]

1. d4 d5 2. c4 e6 3. Nf3 c6 4. Nbd2 f5 5. g3 Bd6 6. Bg2 Nd7 7. 0-0 Ngf6 8. b3 0-0 9. Bb2 b6 10. cxd5 cxd5 11. Ng5 Re8 12. Nc4 Bc7 13. Ba3 Ba6 14. Nd6 Re7 15. Rc1 Nf8 16. Rc6 Rd7 17. Nxe6 Nxe6 18. Nxf5 Nf8 19. Qc2 Bb7 20. Be7 Qb8 21. Bxf6 gxf6 22. Rc1 Bxc6 23. Qxc6 Qd8 24. Bxd5+ Rxd5 25. Ne7+ Kf7 26. Nxd5 Bd6 27. Qb7+ Kg6 28. Ne3 Qe8 29. Qd5 Rd8 30. Qg8+ 1-0

[Event "Qatar Masters op"]
[Site "Doha"]
[Date "2015.12.23"]
[Round "4"]
[White "Sundararajan, Kidambi"]
[Black "Guramishvili, Sopiko"]
[Result "1-0"]
[WhiteElo "2513"]
[BlackElo "2368"]
[PlyCount "187"]
[EventDate "2015.12.20"]
[EventType "swiss"]
[EventRounds "9"]
[EventCountry "QAT"]
[SourceTitle "CBM 170"]
[Source "ChessBase"]
[SourceDate "2016.01.15"]
[SourceVersion "1"]
[SourceVersionDate "2016.01.15"]
[SourceQuality "1"]

1. d4 Nf6 2. Nf3 g6 3. c4 Bg7 4. g3 b6 5. Bg2 Bb7 6. 0-0 0-0 7. Bf4 d6 8. Qc1 c5 9. dxc5 bxc5 10. Bh6 Nc6 11. Nc3 Rb8 12. Rd1 Qa5 13. Nd5 Nd7 14. a3 Rfc8 15. Bxg7 Kxg7 16. b4 cxb4 17. axb4 Qd8 18. Qc3+ Kg8 19. c5 dxc5 20. b5 Nb4 21. Nxb4 cxb4 22. Qxb4 Bxf3 23. Bxf3 Rc7 24. Qd4 Rb6 25. Bc6 Qb8 26. Bxd7 Rd6 27. Qg4 h5 28. Qh3 Rcxd7 29. Qxd7 Rxd7 30. Rxd7 Qxb5 31. Rxe7 a5 32. h4 Kf8 33. Re4 Qb2 34. Rea4 Qxe2 35. Rxa5 Kg7 36. R5a4 Qb2 37. Rf1 Kh6 38. Rf4 f5 39. Re1 Qd2 40. Ra1 Qb2 41. Ra8 Qc1+ 42. Kh2 Qb2 43. Rd8 Qc2 44. Rd6 Kh7 45. Kg2 Qc7 46. Rfd4 Qb7+ 47. Kg1 Qb1+ 48. Rd1 Qe4 49. Rd8 Kg7 50. R8d7+ Kh6 51. Rf7 Qe5 52. Rdd7 Qa1+ 53. Kg2 Qa8+ 54. Kh2 Qg8 55. Ra7 Qh8 56. Kg2 Qg8 57. Kf3 Qh8 58. Rfc7 Qg8 59. Rd7 Qh8 60. Kg2 Qg8 61. Kg1 Qh8 62. Kf1 Qg8 63. Re7 Qh8 64. Kg1 Qg8 65. Ra6 Qd5 66. Raa7 Qg8 67. Kh2 Qh8 68. Rad7 Qg8 69. Kh1 Qa8+ 70. Kg1 Qa1+ 71. Kh2 Qh8 72. Re6 Qa1 73. Ree7 Qh8 74. Ra7 Qg8 75. Kg1 Qh8 76. Re6 Qd4 77. Ree7 Qh8 78. Red7 Qg8 79. Rd6 Qe8 80. Kf1 Qb5+ 81. Kg2 Qe8 82. Rdd7 Qh8 83. Rab7 Qg8 84. Kf3 Qh8 85. Kf4 Qg8 86. Rh7+ Qxh7 87. Rxh7+ Kxh7 88. Ke5 Kg7 89. Ke6 Kg8 90. Kf6 Kh7 91. Kf7 Kh6 92. f3 g5 93. f4 gxf4 94. gxf4 1-0

[Event "London Classic rapid op 7th"]
[Site "London"]
[Date "2015.12.13"]
[Round "8"]
[White "Guramishvili, Sopiko"]
[Black "Kasimdzhanov, Rustam"]
[Result "0-1"]
[WhiteElo "2371"]
[BlackElo "2702"]
[PlyCount "76"]
[EventDate "2015.12.12"]
[EventType "swiss (rapid)"]
[EventRounds "10"]
[EventCountry "ENG"]
[SourceTitle "CBM 169 Extra"]
[Source "ChessBase"]
[SourceDate "2015.12.18"]
[SourceVersion "1"]
[SourceVersionDate "2015.12.18"]
[SourceQuality "1"]

1. Nf3 d5 2. c4 e6 3. d4 Nf6 4. Nc3 c6 5. e3 Nbd7 6. Qc2 g6 7. Bd3 Bg7 8. 0-0 0-0 9. b3 b6 10. Bb2 Bb7 11. Rfd1 Rc8 12. Qe2 Re8 13. Ne5 Qe7 14. f4 c5 15. cxd5 exd5 16. Bb5 Red8 17. Ba6 Nf8 18. dxc5 bxc5 19. Bxb7 Qxb7 20. Qf3 c4 21. Nxc4 Rxc4 22. bxc4 Qxb2 23. Nxd5 Re8 24. Rac1 Qa3 25. Nxf6+ Bxf6 26. e4 Bd4+ 27. Kh1 Qxf3 28. gxf3 Be3 29. Rb1 Bxf4 30. Rb7 Rc8 31. Rxa7 Rxc4 32. Rd8 Kg7 33. Re8 Be3 34. Rb7 Rc1+ 35. Kg2 Rg1+ 36. Kh3 g5 37. Ree7 Kg6 38. Rxf7 Ne6 0-1

[Event "London Classic rapid op 7th"]
[Site "London"]
[Date "2015.12.12"]
[Round "3"]
[White "Hammer, Jon Ludvig"]
[Black "Guramishvili, Sopiko"]
[Result "1-0"]
[WhiteElo "2682"]
[BlackElo "2371"]
[PlyCount "81"]
[EventDate "2015.12.12"]
[EventType "swiss (rapid)"]
[EventRounds "10"]
[EventCountry "ENG"]
[SourceTitle "CBM 169 Extra"]
[Source "ChessBase"]
[SourceDate "2015.12.18"]
[SourceVersion "1"]
[SourceVersionDate "2015.12.18"]
[SourceQuality "1"]

1. c4 e6 2. d4 d5 3. Nf3 c6 4. e3 Nd7 5. b3 f5 6. Bd3 Nh6 7. 0-0 Bd6 8. Ba3 Qe7 9. Bxd6 Qxd6 10. Nc3 0-0 11. Ne2 Rf6 12. Nf4 Nf7 13. h4 b6 14. cxd5 exd5 15. Rc1 Bb7 16. Ng5 Nh6 17. Qh5 Rff8 18. Rc2 Nf6 19. Qf3 Ne4 20. Rfc1 Rae8 21. Qh3 Qf6 22. b4 Nxg5 23. hxg5 Qxg5 24. b5 c5 25. dxc5 bxc5 26. Rxc5 d4 27. Rc7 dxe3 28. fxe3 Ng4 29. Bc4+ Kh8 30. Bf7 Rxf7 31. Rxf7 Be4 32. Ne6 Qxe3+ 33. Qxe3 Nxe3 34. Re7 Rb8 35. Ng5 Nd5 36. Rxa7 Nf4 37. Rcc7 h6 38. Nxe4 fxe4 39. Rxg7 Rxb5 40. Rge7 Rb1+ 41. Kh2 1-0